| 000 | 00691nam a2200217 a 4500 | ||
|---|---|---|---|
| 005 | 20250621063843.0 | ||
| 008 | 011017s1997 ea r 000 0 eng d | ||
| 020 | _a0792335325 | ||
| 035 | _aUPN01000113212 | ||
| 049 | _aCG | ||
| 050 | 4 |
_aLB1775 _bI5.7 |
|
| 245 | 0 | 0 |
_aInternational handbook of teachers and teaching / _ced. Bruce J. Biddle. |
| 260 |
_aDordrecht, Hol. : _bKluwer Academic, _cc1997. |
||
| 300 | _a2 v. | ||
| 440 | 0 |
_aKluwer international handbooks of education ; _v3 |
|
| 650 | 4 |
_aEducación permanente _97280 |
|
| 650 | 4 |
_aEducación de adultos _9956 |
|
| 650 | 2 |
_aAprendizaje de adultos _97608 |
|
| 700 | 1 |
_aBiddle, Bruce Jesse, _d1928-2016 _eed. _939264 |
|
| 905 | _aLibro | ||
| 999 |
_c87120 _d87120 |
||